000 01228cam a2200337 ab4500
999 _c1705
_d1705
001 2284923
003 OSt
005 20230120132111.0
008 200807s2020 nyua j 000 1 eng d
020 _a9780062868381
_q(paperback)
040 _aNjBwBT
_beng
_eaacr2
_cFMG
_dFMG
_dOCLCO
_dOCLCQ
_dAZD
_dOCLCO
_dTXG
_dTCPL
_dKH8
042 _anbic
082 0 _a813.6 DEA
100 1 _aDean, Kim,
_d1969-
_eauthor
245 1 0 _aPete the Cat's family road trip /
_cby Kimberly & James Dean.
246 3 0 _aFamily road trip.
250 _a1st ed.
260 _aNew York, NY :
_bHarper, an imprint of HarperCollinsPublishers,
_cc2020.
300 _a32 p. :
_bcol. ill. ;
_c24 cm.
490 1 _aI can read!. 1, Beginning reading.
490 1 _aPete the Cat.
520 _aPete the Cat and his family embark on a road trip vacation around the United States, seeing such cities as Niagara Falls, New Orleans, and Savannah.
600 0 0 _aPete,
_cthe Cat (Fictitious character)
_vJuvenile fiction.
650 0 _aCats
_vJuvenile fiction.
650 0 _aHumorous stories.
650 0 _aVacations
_vJuvenile fiction.
700 1 _aDean, James,
_d1957-
_eauthor
830 0 _aI can read book.
830 0 _aPete the cat.
942 _2ddc
_cNFIC